Communes de Bretagne bordant la mer ou l'Océan sur une carte - Statistiques

Statistiques générales
  • Ce quiz a été pris 42 fois
  • Le résultat moyen est 66 sur 213
Réponses sur la Carte
Les réponses sont colorées sur une échelle allant du rouge au vert en fonction du pourcentage des utilisateurs qui les ont devinées à leur premier essai. Vous pouvez retrouver ces pourcentages ci-dessous.
 
Statistiques - réponses
Département Population Communes % Correct
Côtes-d’Armor 44 166 Saint-Brieuc
92%
Finistère 139 456 Brest
90%
Morbihan 57 246 Lorient
87%
Ille-et-Vilaine 46 995 Saint-Malo
85%
Finistère 832 Ouessant
79%
Morbihan 4 658 Quiberon
79%
Finistère 20 209 Concarneau
77%
Ille-et-Vilaine 10 235 Dinard
77%
Morbihan 53 719 Vannes
77%
Finistère 13 956 Douarnenez
69%
Côtes-d’Armor 20 451 Lannion
69%
Côtes-d’Armor 7 149 Perros-Guirec
69%
Finistère 7 360 Crozon
67%
Morbihan 2 234 Groix
62%
Côtes-d’Armor 377 Île-de-Bréhat
62%
Finistère 13 277 Plougastel-Daoulas
62%
Côtes-d’Armor 7 142 Paimpol
59%
Morbihan 227 Île-d'Arz
56%
Finistère 14 709 Morlaix
56%
Morbihan 620 Île-aux-Moines
54%
Morbihan 874 Larmor-Baden
54%
Morbihan 8 319 Larmor-Plage
54%
Morbihan 17 778 Ploemeur
54%
Morbihan 2 198 Arzon
51%
Ille-et-Vilaine 5 313 Cancale
51%
Morbihan 4 236 Carnac
51%
Finistère 10 060 Fouesnant
51%
Finistère 450 Île-de-Batz
51%
Finistère 266 Île-de-Sein
51%
Finistère 15 196 Guipavas
49%
Finistère 162 Île-Molène
49%
Côtes-d’Armor 16 689 Lamballe-Armor
49%
Morbihan 2 544 Le Palais
49%
Morbihan 2 056 Saint-Pierre-Quiberon
49%
Morbihan 94 Hœdic
46%
Morbihan 931 Locmaria
46%
Finistère 5 115 Locmaria-Plouzané
46%
Côtes-d’Armor 3 916 Erquy
44%
Finistère 737 Île-Tudy
44%
Côtes-d’Armor 4 560 Plouha
44%
Finistère 3 362 Roscoff
44%
Côtes-d’Armor 2 549 Trégastel
44%
Morbihan 680 Gâvres
41%
Morbihan 11 767 Guidel
41%
Morbihan 216 Île-d'Houat
41%
Finistère 3 980 Loctudy
41%
Morbihan 2 654 Port-Louis
41%
Ille-et-Vilaine 2 500 Saint-Lunaire
41%
Finistère 6 743 Saint-Pol-de-Léon
41%
Morbihan 8 791 Sarzeau
41%
Morbihan 5 392 Arradon
38%
Côtes-d’Armor 14 459 Plérin
38%
Côtes-d’Armor 3 313 Saint-Cast-le-Guildo
38%
Finistère 662 Saint-Jean-du-Doigt
38%
Finistère 923 Saint-Jean-Trolimon
38%
Côtes-d’Armor 1 289 Saint-Quay-Perros
38%
Côtes-d’Armor 3 159 Saint-Quay-Portrieux
38%
Finistère 3 690 Audierne
36%
Morbihan 4 396 Baden
36%
Finistère 2 462 Camaret-sur-Mer
36%
Finistère 1 833 Daoulas
36%
Finistère 2 768 Le Conquet
36%
Morbihan 1 552 Locmariaquer
36%
Finistère 6 748 Moëlan-sur-Mer
36%
Morbihan 2 019 Pénestin
36%
Finistère 13 558 Plouzané
36%
Finistère 8 392 Pont-l'Abbé
36%
Ille-et-Vilaine 2 205 Saint-Briac-sur-Mer
36%
Morbihan 1 531 Saint-Gildas-de-Rhuys
36%
Finistère 3 702 Bénodet
33%
Morbihan 1 839 Damgan
33%
Finistère 3 459 La Forêt-Fouesnant
33%
Morbihan 1 622 La Trinité-sur-Mer
33%
Morbihan 2 214 Plouharnel
33%
Finistère 3 940 Plouhinec
33%
Morbihan 5 386 Plouhinec
33%
Morbihan 996 Sauzon
33%
Morbihan 8 900 Séné
33%
Côtes-d’Armor 3 701 Trébeurden
33%
Morbihan 1 682 Arzal
31%
Morbihan 1 012 Bangor
31%
Côtes-d’Armor 6 862 Binic-Étables-sur-Mer
31%
Morbihan 3 394 Crach
31%
Côtes-d’Armor 1 602 Fréhel
31%
Côtes-d’Armor 1 582 Lancieux
31%
Morbihan 4 039 Locmiquélic
31%
Finistère 5 139 Penmarch
31%
Finistère 1 230 Plogoff
31%
Côtes-d’Armor 453 Saint-Michel-en-Grève
31%
Finistère 1 006 Beuzec-Cap-Sizun
28%
Finistère 3 212 Carantec
28%
Finistère 915 Cléden-Cap-Sizun
28%
Finistère 4 625 Clohars-Carnoët
28%
Morbihan 3 853 Erdeven
28%
Finistère 2 693 Guilvinec
28%
Côtes-d’Armor 7 824 Langueux
28%
Morbihan 1 210 Le Tour-du-Parc
28%
Finistère 2 694 Névez
28%
Côtes-d’Armor 4 069 Pléneuf-Val-André
28%
Côtes-d’Armor 3 837 Pleumeur-Bodou
28%
Finistère 1 764 Porspoder
28%
Morbihan 5 821 Riantec
28%
Finistère 4 240 Riec-sur-Bélon
28%
Côtes-d’Armor 910 Saint-Jacut-de-la-Mer
28%
Ille-et-Vilaine 4 444 Saint-Méloir-des-Ondes
28%
Finistère 7 058 Trégunc
28%
Finistère 998 Argol
26%
Ille-et-Vilaine 1 089 Cherrueix
26%
Finistère 342 Landévennec
26%
Finistère 11 710 Le Relecq-Kerhuon
26%
Côtes-d’Armor 1 532 Lézardrieux
26%
Côtes-d’Armor 3 086 Louannec
26%
Côtes-d’Armor 1 704 Matignon
26%
Finistère 3 855 Plomeur
26%
Ille-et-Vilaine 972 Saint-Benoît-des-Ondes
26%
Morbihan 1 495 Saint-Philibert
26%
Morbihan 1 961 Ambon
23%
Côtes-d’Armor 3 956 Beaussais-sur-Mer
23%
Finistère 4 236 Combrit
23%
Finistère 430 Goulien
23%
Finistère 2 087 Kerlouan
23%
Finistère 1 966 Lanvéoc
23%
Finistère 1 782 Le Faou
23%
Finistère 2 120 Logonna-Daoulas
23%
Morbihan 5 066 Muzillac
23%
Côtes-d’Armor 3 635 Plestin-les-Grèves
23%
Finistère 502 Ploéven
23%
Côtes-d’Armor 3 040 Ploubazlanec
23%
Finistère 3 522 Plouescat
23%
Finistère 4 299 Plougonvelin
23%
Côtes-d’Armor 1 160 Plougrescant
23%
Finistère 6 633 Plouguerneau
23%
Finistère 1 485 Poullan-sur-Mer
23%
Finistère 830 Roscanvel
23%
Morbihan 873 Saint-Armel
23%
Ille-et-Vilaine 2 870 Saint-Coulomb
23%
Finistère 754 Saint-Nic
23%
Finistère 2 385 Santec
23%
Finistère 2 102 Telgruc-sur-Mer
23%
Morbihan 1 008 Billiers
21%
Côtes-d’Armor 4 246 Hillion
21%
Finistère 2 224 Hôpital-Camfrout
21%
Finistère 2 148 Lampaul-Plouarzel
21%
Finistère 825 Lampaul-Ploudalmézeau
21%
Finistère 3 613 Landéda
21%
Finistère 956 Lanildut
21%
Ille-et-Vilaine 1 063 Le Vivier-sur-Mer
21%
Côtes-d’Armor 756 Plévenon
21%
Finistère 3 924 Plouarzel
21%
Finistère 6 333 Ploudalmézeau
21%
Côtes-d’Armor 3 126 Plouézec
21%
Finistère 2 724 Plougasnou
21%
Finistère 2 945 Plozévet
21%
Côtes-d’Armor 7 315 Pordic
21%
Finistère 960 Rosnoën
21%
Côtes-d’Armor 1 242 Trélévern
21%
Morbihan 1 039 Camoël
18%
Finistère 2206 Dirinon
18%
Finistère 932 Guimaëc
18%
Finistère 2 036 Hanvec
18%
Ille-et-Vilaine 1 391 Hirel
18%
Finistère 784 Kerlaz
18%
Finistère 3 931 Loperhet
18%
Côtes-d’Armor 2 473 Penvénan
18%
Côtes-d’Armor 819 Pléboulle
18%
Côtes-d’Armor 2 283 Pleubian
18%
Finistère 1 787 Plonévez-Porzay
18%
Finistère 1 926 Plounéour-Brignogan-plages
18%
Finistère 2 157 Pouldreuzic
18%
Finistère 650 Primelin
18%
Finistère 1 182 Sibiril
18%
Finistère 2 878 Taulé
18%
Finistère 2 410 Treffiagat
18%
Côtes-d’Armor 1 522 Trévou-Tréguignec
18%
Finistère 3 635 Cléder
15%
Finistère 1 983 Guissény
15%
Finistère 1 224 Henvic
15%
Côtes-d’Armor 288 Kerbors
15%
Finistère 1 962 La Forest-Landerneau
15%
Finistère 1 487 Landunvez
15%
Côtes-d’Armor 402 Lanmodez
15%
Finistère 799 Locquénolé
15%
Finistère 1 521 Locquirec
15%
Finistère 3 615 Plobannalec-Lesconil
15%
Finistère 2 245 Plomodiern
15%
Finistère 1 774 Plougoulm
15%
Côtes-d’Armor 1 581 Ploulec'h
15%
Finistère 2 143 Ploumoguer
15%
Finistère 2 297 Plounévez-Lochrist
15%
Ille-et-Vilaine 1 000 Roz-sur-Couesnon
15%
Ille-et-Vilaine 1 143 Saint-Broladre
15%
Finistère 2 067 Saint-Pabu
15%
Côtes-d’Armor 1 457 Trédrez-Locquémeau
15%
Finistère 314 Tréguennec
15%
Finistère 574 Tréogat
15%
Côtes-d’Armor 1 643 Créhen
13%
Finistère 447 Goulven
13%
Finistère 1 620 Plouezoc'h
13%
Côtes-d’Armor 1 744 Plouguiel
13%
Côtes-d’Armor 2 452 Ploumilliau
13%
Finistère 683 Plovan
13%
Côtes-d’Armor 1 543 Plurien
13%
Côtes-d’Armor 2 241 Saint-Alban
13%
Côtes-d’Armor 193 Tréduder
13%
Côtes-d’Armor 798 Tréveneuc
13%
Finistère 1 824 Plouider
10%
Finistère 363 Trébabu
10%
Côtes-d’Armor 1 054 Trédarzec
10%
Finistère 975 Tréflez
10%
Finistère 860 Brélès
5%
Finistère 1 566 Pont-Croix
5%
Côtes-d’Armor 881 Saint-Lormel
5%
Finistère 2 539 Plouénan
3%
Aucun quiz correspondant
Distribution des résultats
% des personnes avec chaque résultat
Percentile par nombre de réponses
Votre historique - résultats
Vous n’avez pas pris ce quiz